Energía solar : Combustible para el metabolismo.
Características de la energía solar. Influjo de la energía solar en las plantas. Cadena alimenticia. Aprovechamiento de la energía solar. Proceso digestivo. Fermentos. Grasas. Moléculas alimenticias. Almacenamiento de energía.
Guardado en:
| Formato: | |
|---|---|
| Materias: | |
| Etiquetas: |
Agregar Etiqueta
Sin Etiquetas, Sea el primero en etiquetar este registro!
|
| LEADER | 01063ngm a22002775g 4500 | ||
|---|---|---|---|
| 001 | CEM.cems022067 | ||
| 008 | 130507b1994##################0###0#####d | ||
| 005 | 20241003145559.0 | ||
| 245 | 0 | 0 | |a Energía solar : |b Combustible para el metabolismo. |
| 300 | |a 27'. | ||
| 500 | |a En soporte VHS, consultar en ventanilla. | ||
| 538 | |a Soporte: VHS - Norma: Pal N - Color - Grabación DRD 1994 - Hitachi=3435 | ||
| 520 | |a Características de la energía solar. Influjo de la energía solar en las plantas. Cadena alimenticia. Aprovechamiento de la energía solar. Proceso digestivo. Fermentos. Grasas. Moléculas alimenticias. Almacenamiento de energía. | ||
| 082 | 6 | 1 | |. 81/TRA |
| 653 | |a ENERGIA SOLAR | ||
| 653 | |a BIOLOGIA | ||
| 653 | |a FISIOLOGIA | ||
| 653 | |a METABOLISMO | ||
| 653 | |a PROCESO DIGESTIVO | ||
| 653 | |a FERMENTOS | ||
| 653 | |a GRASAS | ||
| 653 | |a MOLECULAS ALIMENTICIAS | ||
| 653 | |a ALIMENTACION | ||
| 653 | |a CADENA ALIMENTICIA | ||
| 653 | |a NIVEL SECUNDARIO | ||
| 859 | |a CEMS |b BIB. CEMS - Depto. Recursos Didacticos |h 611.81 |i TRA |k DRD |p 710.12 |t Ej.1 | ||
